[Event "2016 Wellington Easter Open"]
[Site "Wellington NZL"]
[Date "2016.03.27" ]
[Round "6.1"]
[White "Croad, Nicholas"]
[Black "Wastney, Scott"]
[Result "1/2-1/2"]
[WhiteElo "2412"]
[BlackElo "2448"]
[PlyCount "0"]
[EventDate "2016.03.25"]
[SourceDate ""]

1.e4 e5 2.Nf3 Nc6 3.Bb5 Nd4 4.Bc4 Nf6 5.Nxd4 exd4 6.e5 d5 7.Bb5+ Nd7 8.O-O c6
9.Bd3 Nxe5 10.Re1 Qf6 11.Be2 Be7 { (=) Draw Agreed } 1/2-1/2

[Event "2016 Wellington Easter Open"]
[Site "Wellington NZL"]
[Date "2016.03.27" ]
[Round "6.2"]
[White "Dive, Russell J"]
[Black "Nicholls, Leighton"]
[Result "1-0"]
[WhiteElo "2452"]
[BlackElo "1985"]
[PlyCount "0"]
[EventDate "2016.03.25"]
[SourceDate ""]

1.Nf3 Nf6 2.c4 c5 3.g3 g6 4.Bg2 Bg7 5.O-O O-O 6.d4 cxd4 7.Nxd4 Nc6 8.Nc2 d6
9.Nc3 Be6 10.b3 Qa5 11.Qd2 Rfd8 12.Rd1 Rd7 13.Rb1 Rad8 14.Ne3 Ng4 15.Ned5
Bxd5 16.Nxd5 Qxd2 17.Bxd2 e6 18.Nf4 d5 19.cxd5 exd5 20.Bh3 f5 21.Ne6 Re8
22.Nxg7 Kxg7 23.Bc3+ Kf7 24.e3 Nf6 25.Rbc1 Ne4 26.Bb2 Red8 27.Bf1 Ke6 28.Bb5
Rc7 29.Rc2 Rdc8 30.Rdc1 a6 31.Be2 Kd7 32.f3 Nd6 33.Rd2 Nb4 34.Rxc7+ Rxc7
35.a3 Rc2 36.Rxc2 Nxc2 37.Kf2 Nb5 38.a4 Nba3 39.Bd1 b5 40.axb5 axb5 41.Ke2
1-0

[Event "2016 Wellington Easter Open"]
[Site "Wellington NZL"]
[Date "2016.03.27" ]
[Round "6.3"]
[White "Jackson, L Ross"]
[Black "Thornton, Giovanni A"]
[Result "0-1"]
[WhiteElo "2027"]
[BlackElo "2235"]
[PlyCount "0"]
[EventDate "2016.03.25"]
[SourceDate ""]

1.d4 e6 2.e4 d5 3.exd5 exd5 4.Nf3 Bd6 5.Bd3 Ne7 6.Nc3 c6 7.Bg5 Be6 8.O-O Qc7
9.Re1 O-O 10.h3 Nd7 11.Qd2 Rfe8 12.Bxe7 Bxe7 13.Ng5 Nf8 14.Nxe6 Nxe6 15.Bf5
Bf6 16.Bxe6 fxe6 17.Ne2 e5 18.dxe5 Bxe5 19.c3 Qb6 20.Nd4 Bxd4 21.cxd4 Qb5
22.b3 h6 23.Rac1 Rad8 24.Re3 Re4 25.f3 Rxe3 26.Qxe3 Qb4 27.Rc2 Qd6 28.f4 Kf8
29.g3 Qd7 30.Kg2 Re8 31.Qd3 Qe6 32.f5 Qe4+ 33.Qxe4 Rxe4 34.Rd2 Kf7 35.g4 Kf6
36.Kf3 Kg5 37.Re2 Rxe2 38.Kxe2 Kf4 39.Kd2 Kg3 40.Ke3 a5 41.a3 b6 42.b4 a4
43.Ke2 Kxh3 44.Kf3 Kh4 45.Kf4 b5 46.f6 gxf6 47.Kf5 Kg3 0-1

[Event "2016 Wellington Easter Open"]
[Site "Wellington NZL"]
[Date "2016.03.27" ]
[Round "6.4"]
[White "Ker, Anthony F"]
[Black "Kulkarni, Yogesh"]
[Result "1-0"]
[WhiteElo "2415"]
[BlackElo "1854"]
[PlyCount "0"]
[EventDate "2016.03.25"]
[SourceDate ""]

1.e4 c6 2.d4 d5 3.exd5 cxd5 4.c4 dxc4 5.Bxc4 Nf6 6.Nf3 Nc6 7.Nc3 g6 8.O-O Bg7
9.h3 O-O 10.Be3 Bf5 11.Rc1 a6 12.a3 Rc8 13.Qe2 b5 14.Ba2 Ne4 15.Rfd1 Na5
16.Nb1 Nd6 17.Rxc8 Qxc8 18.Rc1 Qb7 19.Nbd2 Rd8 20.Ne5 e6 21.b4 Nac4 22.Ndxc4
bxc4 23.Nxc4 Nb5 24.Na5 Qd7 25.Nc6 Re8 26.Qb2 Be4 27.Ne5 Qd6 28.a4 Nc7 29.f3
Ba8 30.b5 axb5 31.axb5 Nd5 32.Bf2 Rb8 33.Rc5 Nf4 34.Qc2 Bxe5 35.dxe5 Qd7
36.b6 Nd3 37.Rc7 { Black lost on time } 1-0

[Event "2016 Wellington Easter Open"]
[Site "Wellington NZL"]
[Date "2016.03.27" ]
[Round "6.5"]
[White "Vincenti, David"]
[Black "Steadman, Michael V R"]
[Result "0-1"]
[WhiteElo "2179"]
[BlackElo "2338"]
[PlyCount "0"]
[EventDate "2016.03.25"]
[SourceDate ""]

1.d4 Nf6 2.c4 c5 3.d5 e6 4.Nc3 exd5 5.cxd5 g6 6.e4 d6 7.Bd3 Bg7 8.h3 a6 9.a4
O-O 10.Bg5 h6 11.Be3 Re8 12.Nf3 Nbd7 13.O-O Kh7 14.Bf4 Qc7 15.Re1 Nh5 16.Bh2
Ne5 17.Be2 Nf6 18.Nxe5 dxe5 19.Bc4 Qd6 20.Qd2 Nh5 21.Be2 Nf4 22.Bxf4 exf4
23.Bf3 b6 24.Rac1 Be5 25.b3 Bd7 26.Nd1 b5 27.Nb2 Rec8 28.Nd3 bxa4 29.Nxe5
Qxe5 30.bxa4 Bxa4 31.Bg4 Rc7 32.d6 Rb7 33.Qd5 Qxd5 34.exd5 Rd8 35.Re7 Rxe7
36.dxe7 Rxd5 37.Ra1 Be8 38.Rxa6 Re5 39.Ra7 Kg7 40.Rc7 f5 41.Bf3 Kf6 42.g4
fxg3 43.fxg3 Ke6 0-1

[Event "2016 Wellington Easter Open"]
[Site "Wellington NZL"]
[Date "2016.03.27" ]
[Round "6.6"]
[White "Nijman, Brian"]
[Black "Lyall, Simon"]
[Result "1-0"]
[WhiteElo "2141"]
[BlackElo "1988"]
[PlyCount "0"]
[EventDate "2016.03.25"]
[SourceDate ""]

1.d4 d5 2.Bf4 c6 3.c4 Nf6 4.e3 Bf5 5.Qb3 Qb6 6.c5 Qa5+ 7.Nc3 b5 8.h3 e6 9.g4
Be4 10.f3 Bg6 11.h4 h5 12.g5 Ng8 13.Nh3 Ne7 14.Bg3 Na6 15.Qa3 Qxa3 16.bxa3
Nf5 17.Bf2 Rb8 18.e4 dxe4 19.fxe4 Ne7 20.Bg3 Rb7 21.Nf4 e5 22.Nxg6 Nxg6 23.d5
Nxc5 24.dxc6 Rc7 25.Nd5 Kd8 { (=) } 26.Nxc7 Kxc7 27.Bg2 Kxc6 28.O-O Nd3
29.Rxf7 Bc5+ 30.Kh2 Ngf4 31.Rd1 Nf2 32.Rc1 Ng4+ 33.Kh1 Ne2 34.Rxc5+ Kxc5
35.Be1 Rd8 36.Rc7+ Kd4 37.Bf3 Ke3 38.Bxg4 hxg4 39.Kg2 Rd1 40.Bf2+ Kxe4
41.Bxa7 Nf4+ 42.Kf2 Rd2+ 43.Ke1 Rxa2 44.Rxg7 Nd3+ 45.Kd1 g3 46.Rf7 g2 47.g6
g1=Q+ 48.Bxg1 Ra1+ 49.Kc2 Rxg1 50.h5 Ke3 51.g7 Rc1+ 52.Kb3 Rb1+ 53.Ka2 Rb2+
54.Ka1 Rb3 55.g8=Q Rxa3+ 56.Kb1 Rb3+ 57.Ka2 Rb2+ 58.Ka3 b4+ 59.Ka4 1-0

[Event "2016 Wellington Easter Open"]
[Site "Wellington NZL"]
[Date "2016.03.27" ]
[Round "6.7"]
[White "Song, Kate"]
[Black "Sellen, Ian"]
[Result "1/2-1/2"]
[WhiteElo "1701"]
[BlackElo "2116"]
[PlyCount "0"]
[EventDate "2016.03.25"]
[SourceDate ""]

1.e4 e6 2.d4 d5 3.e5 c5 4.c3 Qb6 5.Nf3 Bd7 6.Bd3 Bb5 7.O-O Bxd3 8.Qxd3 Nc6
9.a3 a5 10.Nbd2 c4 11.Qc2 a4 12.Re1 Nge7 13.Nf1 g6 14.Ne3 Bg7 15.Ng4 Ng8
16.Bg5 Nce7 17.Qd2 h6 18.Bf4 Nf5 19.h4 h5 20.Ne3 Ngh6 21.Rab1 Nxe3 22.Bxe3
Nf5 23.Bg5 Bh6 24.g3 Bxg5 25.Nxg5 Qd8 26.Kg2 Qe7 27.Re2 Kd7 28.Rbe1 Kc7
29.Qc2 b5 30.f4 { Draw Agreed } 1/2-1/2

[Event "2016 Wellington Easter Open"]
[Site "Wellington NZL"]
[Date "2016.03.27" ]
[Round "6.8"]
[White "Forster, William"]
[Black "Barraza-Perez, Jesse"]
[Result "1-0"]
[WhiteElo "2075"]
[BlackElo "1925"]
[PlyCount "0"]
[EventDate "2016.03.25"]
[SourceDate ""]

1.d4 c5 2.d5 Nf6 3.c4 d6 4.Nc3 e6 5.e4 exd5 6.cxd5 Be7 7.Bd3 Bg4 8.f3 Bc8
9.f4 Bg4 10.Nf3 Nfd7 11.O-O O-O 12.h3 Bxf3 13.Qxf3 f5 14.exf5 Nf6 15.g4 Kh8
16.g5 Ng8 17.Qe4 Nf6 18.gxf6 Bxf6 19.Bd2 a6 20.Rae1 Nd7 21.Qg2 Rg8 22.Ne4 Qb6
23.Ng5 Raf8 24.Kh1 c4 25.Bb1 Qxb2 26.Nxh7 c3 27.Nxf8 cxd2 28.Ng6+ Kh7 29.Rd1
Bc3 30.Ne7 Nf6 31.Qg5 g6 32.Nxg8 Kxg8 33.fxg6 Qb5 34.Bc2 Qe2 35.Bf5 Ba5
36.Qxf6 1-0

[Event "2016 Wellington Easter Open"]
[Site "Wellington NZL"]
[Date "2016.03.27" ]
[Round "6.9"]
[White "Paul, David"]
[Black "James, Jack"]
[Result "0-1"]
[WhiteElo "1886"]
[BlackElo "2097"]
[PlyCount "0"]
[EventDate "2016.03.25"]
[SourceDate ""]

1.e4 d5 2.e5 Bf5 3.d4 e6 4.h4 h6 5.Bd3 Bxd3 6.Qxd3 c5 7.c3 Nc6 8.Nf3 Qb6 9.b3
Rc8 10.Be3 cxd4 11.Bxd4 Nxd4 12.Nxd4 Bc5 13.Nd2 Ne7 14.N2f3 Nc6 15.O-O Bxd4
16.cxd4 O-O 17.Rfc1 Rc7 18.Qd2 Rfc8 19.Kh1 a5 20.Rc3 Nb4 21.Rac1 Rxc3 22.Rxc3
Rxc3 23.Qxc3 Qc6 24.Qxc6 bxc6 25.a4 Nd3 26.Kg1 Kf8 27.Kf1 Ke7 28.g3 Nc1
29.Nd2 c5 30.dxc5 Kd7 31.b4 Nd3 32.b5 Nxc5 33.f4 Kc7 34.Ke2 Kb6 0-1

[Event "2016 Wellington Easter Open"]
[Site "Wellington NZL"]
[Date "2016.03.27" ]
[Round "6.10"]
[White "Goodhue, Nathan"]
[Black "Wight, Joshua"]
[Result "1-0"]
[WhiteElo "2074"]
[BlackElo "1534"]
[PlyCount "0"]
[EventDate "2016.03.25"]
[SourceDate ""]

1.b3 e5 2.Bb2 d6 3.g3 Bd7 4.Bg2 Bc6 5.e4 g6 6.d4 f6 7.d5 Bd7 8.Ne2 Bg7 9.O-O
Ne7 10.c4 c6 11.dxc6 Bxc6 12.Ba3 f5 13.Nbc3 fxe4 14.Nxe4 Bxe4 15.Bxe4 Nbc6
16.Qxd6 O-O 17.Qxd8 Rfxd8 18.Bxe7 Nxe7 19.Bxb7 Rab8 20.Be4 Nf5 21.Bd5+ Kh8
22.Rad1 Nd4 23.Nc3 Rb6 24.Kg2 Bh6 25.f4 Nf5 26.Rde1 exf4 27.gxf4 Rf8 28.Be4
Ne7 29.Rd1 Re6 30.Bd5 Re3 31.Rde1 Rxc3 32.Rxe7 Rc2+ 33.Rf2 Rxf2+ 34.Kxf2 Bxf4
35.Rxa7 Bb8+ 36.Rf7 Rxf7+ 37.Bxf7 Bxh2 38.c5 Kg7 39.Be8 Kf8 40.Bc6 Be5 41.Ke3
Ke7 42.Be4 Kf6 43.b4 h5 44.b5 g5 45.a4 g4 46.a5 g3 47.a6 Bb8 48.b6 1-0

[Event "2016 Wellington Easter Open"]
[Site "Wellington NZL"]
[Date "2016.03.27" ]
[Round "6.11"]
[White "Braganza, Nadia"]
[Black "Nyberg, Michael"]
[Result "0-1"]
[WhiteElo "1364"]
[BlackElo "2068"]
[PlyCount "0"]
[EventDate "2016.03.25"]
[SourceDate ""]

1.e4 e5 2.Nf3 Nc6 3.Bc4 Nf6 4.Nc3 Bc5 5.Nxe5 Bxf2+ 6.Kxf2 Nxe5 7.Be2 d6 8.Rf1
O-O 9.Kg1 c5 10.d4 cxd4 11.Qxd4 Nc6 12.Qe3 Re8 13.Bd3 Ne5 14.Bb5 Neg4 15.Qe2
Bd7 16.Bxd7 Qxd7 17.h3 Ne5 18.Bd2 Qc6 19.b3 Rac8 20.Qe3 a6 21.Rae1 Ned7 22.a4
Nc5 23.Rf4 Ne6 24.Rh4 Qc5 25.Kh1 Qxe3 26.Rxe3 Nd4 27.Rg3 Nxc2 28.Bh6 g6
29.Bg5 Re6 30.Bxf6 Rxf6 31.Nd5 Rf1+ 32.Kh2 Kg7 33.Ne7 Rd8 34.Nf5+ Kf6 35.Ne3
Nxe3 36.Rxe3 h5 37.Rd3 Ke6 38.g3 Rc8 39.Rd2 Rc3 40.b4 Rb3 41.Rf4 Rxf4 42.gxf4
Rxb4 43.f5+ Ke5 44.fxg6 fxg6 45.Rg2 Rxe4 46.Rxg6 h4 47.a5 Kd5 48.Rg7 Kc6
49.Rg6 Kc5 50.Rg5+ d5 51.Rh5 Kc4 52.Kg2 Rf4 53.Rh7 Kb5 54.Rxb7+ Kxa5 55.Rd7
d4 56.Rd5+ Kb4 57.Rd6 a5 58.Kg1 a4 59.Kg2 a3 60.Ra6 d3 61.Kg1 d2 62.Rd6 Kc3
63.Kg2 a2 64.Rxd2 Kxd2 65.Kg1 Ke2 66.Kg2 Rf2+ 67.Kg1 Kf3 68.Kh1 Kg3 69.Kg1
a1=N 70.Kh1 Rf1# 0-1

[Event "2016 Wellington Easter Open"]
[Site "Wellington NZL"]
[Date "2016.03.27" ]
[Round "6.12"]
[White "Lourenco, Eva"]
[Black "Timergazi, Layla"]
[Result "0-1"]
[WhiteElo "1060"]
[BlackElo "2152"]
[PlyCount "0"]
[EventDate "2016.03.25"]
[SourceDate ""]

1.d4 Nf6 2.Nf3 g6 3.h3 d6 4.Bf4 Bg7 5.e3 O-O 6.Bd3 Nbd7 7.c3 Re8 8.Nbd2 e5
9.dxe5 dxe5 10.Bg5 Nc5 11.Bc2 h6 12.Bxf6 Bxf6 13.Ne4 Nxe4 14.Qxd8 Rxd8
15.Bxe4 c6 16.O-O Be6 17.a3 Rd7 18.Rfd1 Rad8 19.Bc2 Kf8 20.Rxd7 Rxd7 21.Rd1
Ke7 22.e4 Rxd1+ 23.Bxd1 Kd6 24.g4 Kc5 25.Be2 Bc4 26.Bxc4 Kxc4 27.Nd2+ Kd3
28.Nb3 b6 29.f3 Kc2 30.Nd4+ exd4 31.cxd4 Bxd4+ 32.Kf1 Kxb2 33.Ke2 c5 34.Kd3
b5 35.f4 Kxa3 36.e5 b4 37.Ke4 b3 38.f5 b2 39.e6 b1=Q+ 40.Kd5 Qb7+ 41.Kd6 Bf6
42.Kxc5 Qc7+ 43.Kd5 Be5 44.exf7 Qd6+ 45.Ke4 Qd4+ 46.Kf3 Qd3+ 47.Kg2 Qe2+
48.Kg1 Bd4+ 49.Kh1 Qf1+ 50.Kh2 Qg1# 0-1

[Event "2016 Wellington Easter Open"]
[Site "Wellington NZL"]
[Date "2016.03.27" ]
[Round "6.14"]
[White "Austin, Tama"]
[Black "Stracy, Don M"]
[Result "0-1"]
[WhiteElo "1178"]
[BlackElo "1742"]
[PlyCount "0"]
[EventDate "2016.03.25"]
[SourceDate ""]

1.d4 Nf6 2.Nf3 b6 3.Bf4 Bb7 4.e3 e6 5.c4 Bb4+ 6.Nc3 Ne4 7.Qc2 g5 8.Bg3 h5
9.h4 Nxg3 10.fxg3 Bd6 11.Qf2 f6 12.hxg5 fxg5 13.Bd3 Qf6 14.Ne4 Bxe4 15.Bxe4
Nc6 16.O-O-O O-O-O 17.Rdf1 Rdf8 18.Qe1 Qg7 19.Nd2 Rxf1 20.Nxf1 Kb8 21.Qe2 g4
22.Kb1 Na5 23.c5 Bf8 24.b4 Nc6 25.Qb5 Nxd4 26.exd4 Qxd4 27.Bc2 Bg7 28.Kc1 Rf8
29.Qd3 Qa1+ 30.Bb1 Qb2+ 31.Kd1 Qxb4 32.Qxd7 Qxb1+ 33.Kd2 0-1

[Event "2016 Wellington Easter Open"]
[Site "Wellington NZL"]
[Date "2016.03.27" ]
[Round "6.16"]
[White "Burns, Guy"]
[Black "Renjith, Sravan"]
[Result "0-1"]
[WhiteElo "1642"]
[BlackElo "1510"]
[PlyCount "0"]
[EventDate "2016.03.25"]
[SourceDate ""]

1.d4 Nf6 2.c4 e6 3.Nc3 Bb4 4.a3 Bxc3+ 5.bxc3 d5 6.cxd5 exd5 7.Bg5 O-O 8.Nf3
Re8 9.e3 Bf5 10.Be2 Nbd7 11.O-O c6 12.c4 h6 13.Bh4 Qa5 14.Qb3 Qb6 15.Qxb6
axb6 16.cxd5 Nxd5 17.Rfc1 Ra4 18.Bd1 Ra5 19.Bc2 Bxc2 20.Rxc2 Rea8 21.h3 Rxa3
22.Rxa3 Rxa3 23.Bg3 b5 24.Rb2 N7b6 25.Bd6 Ra1+ 26.Kh2 Nc4 27.e4 Nxb2 28.exd5
cxd5 29.Nd2 Nc4 30.Bf4 Nxd2 31.Bxd2 Ra4 32.Bc3 b4 33.Bd2 b3 34.Bc3 Rb4 35.Bb2
Rc4 36.Kg3 Rc2 37.Ba3 b2 38.Bxb2 Rxb2 39.Kf3 Kf8 40.Ke3 Ke7 41.g4 b5 42.h4 b4
43.Kd3 Rxf2 44.g5 hxg5 45.hxg5 Rg2 46.g6 Rxg6 47.Ke2 Rg4 48.Kd3 f6 49.Kd2
Rxd4+ 50.Ke3 b3 0-1

[Event "2016 Wellington Easter Open"]
[Site "Wellington NZL"]
[Date "2016.03.27" ]
[Round "6.17"]
[White "Phease, Tristan"]
[Black "Murdoch, Stephen"]
[Result "1-0"]
[WhiteElo "987"]
[BlackElo "1625"]
[PlyCount "0"]
[EventDate "2016.03.25"]
[SourceDate ""]

1.e4 d5 2.exd5 Qxd5 3.Nc3 Qd6 4.Nf3 Bg4 5.Be2 Nf6 6.Nb5 Qd8 7.Ne5 Bxe2 8.Qxe2
c6 9.Nc3 e6 10.O-O Bd6 11.d4 O-O 12.Bg5 h6 13.Bh4 g5 14.Bg3 Qb6 15.Nc4 Qa6
16.Nxd6 Qxe2 17.Nxe2 b5 18.c4 bxc4 19.Nxc4 Na6 20.Ne5 h5 21.h3 Ne4 22.Nxc6 f5
23.f3 Nd2 24.Rfd1 Nc4 25.b3 Ne3 26.Rd3 f4 27.Bf2 Nf5 28.d5 exd5 29.Rxd5 Rae8
30.Ned4 Nxd4 31.Nxd4 1-0

[Event "2016 Wellington Easter Open"]
[Site "Wellington NZL"]
[Date "2016.03.27" ]
[Round "6.18"]
[White "Steadman, Mathew"]
[Black "Zhao, Aiden Tyler"]
[Result "1-0"]
[WhiteElo "1368"]
[BlackElo "1231"]
[PlyCount "0"]
[EventDate "2016.03.25"]
[SourceDate ""]

1.d3 d5 2.Nf3 Nc6 3.c3 Bg4 4.Nbd2 Qd6 5.Qc2 O-O-O 6.e4 e6 7.Be2 g6 8.h3 Bxf3
9.Nxf3 Bg7 10.b4 a6 11.a4 Kb8 12.Be3 f5 13.Nd2 Nge7 14.b5 axb5 15.axb5 Ne5
16.d4 Nf7 17.e5 Qd7 18.Qa2 c6 19.b6 1-0

[Event "2016 Wellington Easter Open"]
[Site "Wellington NZL"]
[Date "2016.03.27" ]
[Round "6.19"]
[White "Luo, Vincent"]
[Black "Cunningham, Patrick D"]
[Result "0-1"]
[WhiteElo "200"]
[BlackElo "1744"]
[PlyCount "0"]
[EventDate "2016.03.25"]
[SourceDate ""]

1.d4 Nf6 2.Nf3 g6 3.Bf4 Bg7 4.Nc3 O-O 5.e3 c5 6.Bc4 d5 7.Be2 Nc6 8.dxc5 Qa5
9.O-O Qxc5 10.Bb5 Bg4 11.Bxc6 bxc6 12.Re1 Ne4 13.Nxe4 dxe4 14.h3 Rad8 15.Qe2
exf3 16.gxf3 Bxh3 17.Rad1 Be6 18.Rxd8 Rxd8 19.c3 Be5 20.Bg5 Bh2+ 21.Kxh2 Qxg5
22.Rd1 Qh5+ 23.Kg1 Qg5+ 24.Kf1 Bh3+ 25.Ke1 Qg1+ 26.Qf1 Qxf1# 0-1

[Event "2016 Wellington Easter Open"]
[Site "Wellington NZL"]
[Date "2016.03.27" ]
[Round "6.20"]
[White "Winter, Ryan"]
[Black "Theodosiou, Andreas"]
[Result "0-1"]
[WhiteElo "1099"]
[BlackElo "1489"]
[PlyCount "0"]
[EventDate "2016.03.25"]
[SourceDate ""]

1.d4 Nf6 2.Nf3 g6 3.c4 Bg7 4.Nc3 O-O 5.e4 d6 6.e5 Nfd7 7.Bf4 c5 8.exd6 cxd4
9.Nxd4 e5 10.Ndb5 exf4 11.Nc7 Re8+ 12.Nxe8 Qxe8+ 13.Qe2 Qxe2+ 14.Bxe2 Nc6
15.Nd5 Bxb2 16.Rb1 Be5 17.Kd2 Bxd6 18.Rhe1 Kg7 19.Bf3 Nde5 20.Be2 b6 21.Kc3
Bf5 22.Rbc1 Ng4 23.Bxg4 Bxg4 24.Re4 Be5+ 25.Kd2 Rd8 26.Ke1 f5 27.Rxe5 Nxe5
28.h3 Nd3+ 0-1

[Event "2016 Wellington Easter Open"]
[Site "Wellington NZL"]
[Date "2016.03.27" ]
[Round "6.21"]
[White "Marko, H Nigel A"]
[Black "Dai, Zhiheng"]
[Result "1-0"]
[WhiteElo "1300"]
[BlackElo "1129"]
[PlyCount "0"]
[EventDate "2016.03.25"]
[SourceDate ""]

1.e4 e5 2.Nf3 Nc6 3.Bc4 Nf6 4.Nc3 Bc5 5.d3 h6 6.Nd5 O-O 7.Be3 Bxe3 8.Nxe3 d6
9.Qd2 a6 10.O-O-O b5 11.Bd5 Nxd5 12.Nxd5 Be6 13.Rdg1 a5 14.g4 Nb4 15.g5 hxg5
16.Nxg5 Nxd5 17.Nxe6 fxe6 18.exd5 Qf6 19.dxe6 Qxe6 20.Qg5 Rf7 21.Kb1 Kf8
22.Rg2 Rf5 23.Qxg7+ Ke8 24.Qg8+ Qxg8 25.Rxg8+ Rf8 26.Rhg1 Kf7 27.R8g7+ Ke6
28.R1g2 c5 29.h4 Rh8 30.Rh2 Kd5 31.h5 Rag8 32.Rxg8 Rxg8 33.Kc1 e4 34.h6 Rh8
35.Kd2 exd3 36.Kxd3 c4+ 37.Kd2 b4 38.h7 Ke4 39.Ke2 a4 40.Rh4+ Kd5 41.Ke3 c3
42.bxc3 bxc3 43.f4 Ke6 44.Ke4 d5+ 45.Kd4 Kd6 46.f5 Kc6 47.f6 Kb5 48.Kxd5 Rd8+
49.Ke6 Rh8 50.Ke7 1-0